| 000 | 01606nam a2200241Ia 4500 | ||
|---|---|---|---|
| 008 | 260220t1976||||xx |||||||||||||| ||spa|| | ||
| 020 | _a8401441439 | ||
| 040 |
_aPY-SlUNAC _bspa _erda |
||
| 041 | _aspa | ||
| 082 |
_a833 _bB347h |
||
| 245 | 0 | _aHistoria de una mujer | |
| 264 |
_aBarcelona : _bPlaneta, _c℗1976. |
||
| 300 | _a1 volumen | ||
| 520 | _a"Historia de una mujer" es una novela que explora la vida de una mujer a través de sus diversas etapas y experiencias, reflejando las complejidades de su existencia en un contexto social y cultural determinado. A lo largo de la narrativa, la protagonista enfrenta retos personales y sociales que la moldean, desde su juventud hasta la madurez, abarcando temas como la identidad, la libertad y las relaciones interpersonales. El autor utiliza un estilo introspectivo y descriptivo que permite al lector sumergirse en los pensamientos y emociones de la protagonista, presentando un retrato vívido de sus luchas y triunfos. La obra también toca cuestiones de género y la búsqueda de autonomía en un mundo que a menudo limita las opciones de las mujeres. A través de sus experiencias, la novela invita a reflexionar sobre el papel de la mujer en la sociedad y su capacidad de resiliencia frente a las adversidades. Así, se convierte en un testimonio de la lucha por la igualdad y la autodeterminación. | ||
| 653 | _aHistoria | ||
| 653 | _aLiteratura | ||
| 653 | _aMujer | ||
| 942 |
_b2026/02/17 _cBK |
||
| 999 |
_c9107 _d9107 |
||